Les prénoms en A du plan de Paris - Statistiques

Statistiques générales
  • Ce quiz a été pris 12 fois
  • Le résultat moyen est 18 sur 84
Statistiques - réponses
Arrondissement Indice Nom Prénom % Correct
11e Ecrivain / Poète Dumas Alexandre
100%
10e Médecin Paré Ambroise
100%
13e Ecrivain / Poète Rimbaud Arthur
100%
7e Homme politique Briand Aristide
89%
7e Ecrivain / Poète France Anatole
78%
18e Chansonnier Bruant Aristide
78%
3e Militaire Beltrame Arnaud
67%
13e Réalisateur Gance Abel
56%
15e Militaire de Boissieu Alain
56%
19e Biologiste Fleming Alexander
56%
7e Souverain (...) III Alexandre
56%
19e Homme politique Fallières Armand
56%
15e Homme politique Chérioux Adolphe
44%
13e Mathématicien Turing Alan
44%
13e Ecrivain / Poète Vialatte Alexandre
44%
15e Sculpteur Bourdelle Antoine
44%
15e Sculpteur Maillol Aristide
44%
15e Ecrivain / Poète Chartier Alain
33%
14e Homme politique Croizat Ambroise
33%
1er Cuisinier Carême Antoine
33%
19e Journaliste Carrel Armand
33%
19e Compositeur Honegger Arthur
33%
9e Homme politique Max Adolphe
22%
13e Artiste peintre Jacquet Alain
22%
11e Homme politique Devaquet Alain
22%
10e Ecrivain / Poète Parodi Alexandre
22%
16e Ecrivain / Poète Roucher Antoine
22%
6e Médecin Dubois Antoine
22%
16e Théologien Arnauld Antoine
22%
15e Propriétaire Moisant Armand
22%
10e Homme politique Groussier Arthur
22%
18e Homme politique Ranc Arthur
22%
14e Médecin Pinard Adolphe
11%
16e Homme politique Hébrard Adrien
11%
9e Homme politique Oudin Adrien
11%
13e Chimiste Haller Albin
11%
13e Fondateur de "La France mutualiste" Cachot Albin
11%
18e Propriétaire Lécuyer Alexandre
11%
16e Compositeur Tansman Alexandre
11%
19e Homme politique Ribot Alexandre
11%
15e Artiste peintre Cabanel Alexandre
11%
19e Naturaliste de Humboldt Alexandre
11%
17e Sculpteur Charpentier Alexandre
11%
19e Pédagogue Rendu Ambroise
11%
15e Constructeur automobile Gordini Amédée
11%
17e Propriétaire de La Forge Anatole
11%
12e Artiste peintre Vollon Antoine
11%
12e Architecte Hénard Antoine
11%
15e Avocat Hajje Antoine
11%
14e Propriétaire Chantin Antoine
11%
12e Lexicographe Furetière Antoine
11%
20e Propriétaire Loubeyre Antoine
11%
12e Haut fonctionnaire Rousseau Armand
11%
18e Architecte Gauthier Armand
11%
8e Ecrivain / Poète Houssaye Arsène
11%
17e Propriètaire Brière Arthur
11%
19e Homme politique Rozier Arthur
11%
5e Religieux Mesli Abdelkader
0%
13e Homme politique Hovelacque Abel
0%
17e Artiste peintre Truchet Abel
0%
16e Homme politique Ferry Abel
0%
12e Propriétaire Leblanc Abel
0%
18e Graveur Martinet Achille
0%
14e Historien Luchaire Achille
0%
4e Compositeur Adam Adolphe
0%
1er Ingénieur Jullien Adolphe
0%
19e Ingénieur Mille Adolphe
0%
14e Professeur Focillon Adolphe
0%
16e Artiste peintre Yvon Adolphe
0%
18e Homme politique Lavy Aimé
0%
13e Artiste peintre Morot Aimé
0%
17e Compositeur Maillart Aimé
0%
16e Compositeur Magnard Albéric
0%
9e Compositeur Thomas Ambroise
0%
18e Résistant rwandais Birara Aminadabu
0%
15e Chimiste Payen Anselme
0%
15e Sculpteur Mercié Antonin
0%
17e Diplomate de Sousa-Mendes Aristides
0%
17e Médecin Tzanck Arnault
0%
9e Journaliste Missakian Arpik
0%
15e Homme politique Bassinet Athanase
0%
13e Professeur Mouchot Augustin
0%
19e Historien Thierry Augustin
0%
11e Ecrivain / Poète Barbier Augustin
0%
Aucun quiz correspondant
Distribution des résultats
% des personnes avec chaque résultat
Percentile par nombre de réponses
Votre historique - résultats
Vous n’avez pas pris ce quiz